000 00956nam a22002897a 4500
001 BR7705595
003 BR-BrBNA
005 20230928085450.0
007 ta
008 230509b bl.||||| |||| 00| 0 por d
040 _aBR-BrBNA
_bpor
_cBiblioteca Nacional de Agricultura
041 _a(Por)
072 _aF25
_b3801
_b/G514
090 _ 3801 BR7705595
100 1 _aMorais, F.M. de
100 1 _aVan Den Bergen, T.
110 1 _aEmpresa de Assistencia Tecnica e Extensao Rural do Estado da Paraiba, Joao Pessoa (Brasil)
245 1 _aPrograma EMBRATER-FAO-MA Projeto de fertilizantes e corretivos. Relatorio anual 1976 [Empresa Brasileira de Assistencia Tecnica e Extensao Rural, Ministerio da Agricultura, Brasil]
260 3 _aJoao Pessoa, PB (Brasil):
_c1977.
300 _a50 p.
500 _a32 tables
650 _aFERTILIZANTE
650 _aCORRETIVO
650 _aPARAIBA
909 _a202309
_bLucia
_c55
_dLucia Elande
942 _cBK
999 _c24576
_d24576